21st century literature from the Philippines and the world: (Record no. 358171)
[ view plain ]
| 000 -LEADER | |
|---|---|
| fixed length control field | 00797nam a22002177a 4500 |
| 003 - CONTROL NUMBER IDENTIFIER | |
| control field | SISC |
| 005 - DATE AND TIME OF LATEST TRANSACTION | |
| control field | 20180724152247.0 |
| 008 - FIXED-LENGTH DATA ELEMENTS--GENERAL INFORMATION | |
| fixed length control field | 180724b xxu||||| |||| 00| 0 eng d |
| 020 ## - INTERNATIONAL STANDARD BOOK NUMBER | |
| International Standard Book Number | 9789719806936 |
| 050 ## - LIBRARY OF CONGRESS CALL NUMBER | |
| Classification number | PS 9992 |
| Item number | .T393 2017 |
| 100 ## - MAIN ENTRY--PERSONAL NAME | |
| Personal name | Tayao, Ma. Lourdes G. |
| 245 ## - TITLE STATEMENT | |
| Title | 21st century literature from the Philippines and the world: |
| Remainder of title | for senior high school / |
| Statement of responsibility, etc | Ma. Lourdes G. Tayao, Rosario I. Alonzo, Eden Regala Flores |
| 260 ## - PUBLICATION, DISTRIBUTION, ETC. (IMPRINT) | |
| Place of publication, distribution, etc | Quezon City : |
| Name of publisher, distributor, etc | C & E Publishing, |
| Date of publication, distribution, etc | c2017. |
| 300 ## - PHYSICAL DESCRIPTION | |
| Extent | viii, 315 pages : |
| Other physical details | illustrations ; |
| Dimensions | 26 cm. |
| 500 ## - GENERAL NOTE | |
| General note | Includes index and bibliographical references. |
| 650 ## - SUBJECT ADDED ENTRY--TOPICAL TERM | |
| Source of heading or term | Library of Congress Subject Headings |
| Topical term or geographic name as entry element | Philippine literature |
| 700 ## - ADDED ENTRY--PERSONAL NAME | |
| Personal name | Alonzo, Rosario I. |
| 700 ## - ADDED ENTRY--PERSONAL NAME | |
| Personal name | Flores, Eden Regala |
| 942 ## - ADDED ENTRY ELEMENTS (KOHA) | |
| Source of classification or shelving scheme | Library of Congress Classification |
| Koha item type | Books |
| Withdrawn status | Lost status | Source of classification or shelving scheme | Damaged status | Home library | Current library | Shelving location | Date acquired | Source of acquisition | Sub Shelving location | Total Checkouts | Total Renewals | Full call number | Barcode | Date last seen | Date checked out | Price effective from | Koha item type |
|---|---|---|---|---|---|---|---|---|---|---|---|---|---|---|---|---|---|
| Library of Congress Classification | Luxembourg Library | Luxembourg Library | Teachers Reference Section | 07/24/2018 | Library Fund | 2 | 10 | PS 9992 .T393 2017 | 20520 | 07/06/2022 | 09/16/2019 | 07/24/2018 | Books |